[Event "Lliga Catalana DH"]
[Site "Barcelona"]
[Date "2018.03.03"]
[Round "7.9"]
[White "Avila Jimenez, Xavier"]
[Black "Moya Arau, Carles"]
[Result "1-0"]
[WhiteElo "2318"]
[BlackElo "2153"]
[PlyCount "73"]
[EventDate "2018.??.??"]
[EventCountry "ESP"]
[WhiteTeam "EEB"]
[BlackTeam "PIP"]
[WhiteTeamCountry "---"]

1. d4 Nf6 2. Bg5 e6 3. Nd2 d5 4. e3 Be7 5. Bd3 O-O 6. f4 c5 7. c3 b6 8. Qe2 Bb7
9. Ngf3 Ne4 10. Bxe7 Qxe7 11. O-O f6 12. Rad1 Nd7 13. Bb5 Nd6 14. Ba4 Rac8 15.
Bc2 Rfd8 16. Qf2 Ba6 17. Rfe1 f5 18. h3 Rf8 19. a4 Ne4 20. Nxe4 fxe4 21. Nh2
Kh8 22. Qg3 Nf6 23. Rd2 Ne8 $11 24. Ng4 Nd6 25. Bd1 Nf5 26. Qh2 Qh4 27. Rf2
cxd4 28. exd4 Ng3 29. Re3 Nf5 30. g3 Qe7 31. Re1 Nd6 32. h4 Nc4 33. Be2 b5 34.
axb5 Bxb5 35. h5 Nd6 36. Ne5 Bxe2 37. Ng6+ 1-0

[Event "Lliga Catalana DH"]
[Site "?"]
[Date "2018.03.03"]
[Round "7.7"]
[White "Garcia Castellote, Daniel"]
[Black "Hernando Rodrigo, Julio Antonio"]
[Result "1/2-1/2"]
[WhiteElo "2204"]
[BlackElo "2397"]
[PlyCount "33"]
[EventDate "2018.03.05"]
[WhiteTeam "PIP"]
[BlackTeam "EEB"]

1. e4 e6 2. d4 d5 3. Nc3 Bb4 4. e5 c5 5. Bd2 Ne7 6. Nb5 Bxd2+ 7. Qxd2 O-O 8. f4
Bd7 9. dxc5 Nbc6 10. Nf3 b6 11. Qc3 bxc5 12. Qxc5 Rc8 13. Nd6 Rc7 14. Nb5 Rc8
15. Nd6 Rc7 16. Nb5 Rc8 17. Nd6 1/2-1/2

[Event "Lliga Catalana DH"]
[Site "Barcelona"]
[Date "2018.03.03"]
[Round "7.10"]
[White "Llados Clos, Jordi"]
[Black "Orteu Capdevila, Max"]
[Result "0-1"]
[WhiteElo "2088"]
[BlackElo "2213"]
[PlyCount "60"]
[EventDate "2018.??.??"]
[EventCountry "ESP"]
[WhiteTeam "PIP"]
[BlackTeam "EEB"]

1. e4 d6 2. d4 Nf6 3. Nc3 g6 4. Nf3 Bg7 5. Bc4 O-O 6. Be3 c6 7. O-O b5 8. Bd3
Nbd7 9. Ne2 Bb7 10. Ng3 a6 11. c3 e5 12. Qd2 Ng4 13. Bg5 f6 14. Be3 Nxe3 15.
fxe3 d5 16. dxe5 fxe5 17. exd5 cxd5 18. e4 Qb6+ 19. Kh1 Nf6 20. Qe2 dxe4 21.
Nxe4 Nd5 22. Bc2 Nf4 23. Qf2 Qxf2 24. Rxf2 Rad8 25. Rd2 Rxd2 26. Nfxd2 Rd8 27.
g3 Rxd2 28. Bb3+ Kh8 29. gxf4 Bxe4+ 30. Kg1 Rg2+ 0-1

[Event "Lliga Catalana DH"]
[Site "?"]
[Date "2018.03.03"]
[Round "7.4"]
[White "Perez Garcia, Adria"]
[Black "Matnadze, Ana"]
[Result "0-1"]
[WhiteElo "2230"]
[BlackElo "2482"]
[PlyCount "110"]
[EventDate "2018.03.05"]
[WhiteTeam "PIP"]
[BlackTeam "EEB"]

1. e4 c6 2. d4 g6 3. Nc3 Bg7 4. Nf3 d5 5. h3 Nh6 6. Bd3 dxe4 7. Nxe4 Nf5 8. c3
O-O 9. O-O a5 10. a4 Nd7 11. Re1 Nf6 12. Nxf6+ exf6 13. Qb3 Nd6 14. Bf4 Be6 15.
Qc2 Qd7 16. Re2 Rfe8 17. Rae1 Bf8 18. Nd2 b5 19. Ne4 Nxe4 20. Bxe4 Rac8 21. Bf3
b4 22. Qd3 Red8 23. Qa6 Bd5 24. Bxd5 Qxd5 25. Re4 bxc3 26. bxc3 Qb3 27. Qxa5
Qb7 28. c4 f5 29. R4e2 Rxd4 30. Re8 Qd7 31. Rxc8 Qxc8 32. Qc7 Qa8 33. Qb8 Rd8
34. Qxa8 Rxa8 35. Ra1 Bb4 36. Bc7 Bc5 37. a5 Ra7 38. Be5 Re7 39. Bg3 g5 40. Bb8
Rb7 41. Be5 Re7 42. Bf6 Re2 43. Bxg5 Rxf2 44. Kh1 Bd4 45. Rd1 c5 46. Bd8 Kf8
47. Bb6 Ke7 48. a6 Ra2 49. a7 Kd6 50. Re1 f4 51. Rf1 Kc6 52. Rb1 h5 53. Rb5
Ra1+ 54. Kh2 Bg1+ 55. Kh1 Bf2+ 0-1

[Event "Lliga Catalana DH"]
[Site "?"]
[Date "2018.03.03"]
[Round "7.8"]
[White "Pulido Leon, Manuel"]
[Black "Chueca Forcen, Alberto"]
[Result "0-1"]
[WhiteElo "2190"]
[BlackElo "2361"]
[PlyCount "68"]
[WhiteTeam "PIP"]
[BlackTeam "EEB"]

1. e4 e5 2. Nf3 Nc6 3. Bb5 Nf6 4. O-O Nxe4 5. d4 Nd6 6. Bxc6 dxc6 7. dxe5 Nf5
8. Qe2 Nd4 9. Nxd4 Qxd4 10. Nc3 Bg4 11. Qe4 Qxe4 12. Nxe4 Bf5 13. Re1 h6 14.
Bf4 O-O-O 15. Ng3 Bxc2 16. Rac1 Bb4 17. Re3 Bg6 18. Nf1 Rd4 19. g3 Rhd8 20. a3
Bf8 21. Ree1 Rd3 22. Re3 R3d5 23. Rec3 Rb5 24. b4 a5 25. bxa5 Rxa5 26. Nd2 Bxa3
27. Nc4 Bxc1 28. Nxa5 Bxf4 29. gxf4 Rd4 30. Rc4 Rxc4 31. Nxc4 c5 32. f3 b5 33.
Nd2 c4 34. Kf2 c5 0-1

[Event "Lliga Catalana DH"]
[Site "Barcelona"]
[Date "2018.03.03"]
[Round "7.2"]
[White "Povill Claros, Xavier"]
[Black "Moskalenko, Viktor"]
[Result "0-1"]
[WhiteElo "2345"]
[BlackElo "2588"]
[PlyCount "90"]
[EventDate "2018.??.??"]
[EventCountry "ESP"]
[WhiteTeam "PIP"]
[BlackTeam "EEB"]

1. Nf3 d6 2. d4 f5 3. g3 Nf6 4. Bg2 g6 5. O-O Bg7 6. c4 O-O 7. Nc3 c6 8. Re1
Ne4 9. Qc2 Nxc3 10. Qxc3 e5 11. dxe5 dxe5 12. e4 f4 13. b3 c5 14. Ba3 Qe7 15.
Rad1 Nc6 16. Rd5 b6 17. Qd2 Bg4 18. Rd3 Rad8 19. Rd1 fxg3 20. fxg3 Nd4 21. Nxd4
exd4 22. Re1 Be5 23. Bc1 a5 24. Qg5 Qxg5 25. Bxg5 Rde8 26. Rd2 Kg7 27. Rf1
Rxf1+ 28. Kxf1 h6 29. Bf4 g5 30. Bxe5+ Rxe5 31. Rf2 Bh5 32. Ke1 Re6 33. Kd2 Rf6
34. Rxf6 Kxf6 35. a4 Ke5 36. Bh1 Bg4 37. Bg2 h5 38. Bh1 h4 39. Bg2 h3 40. Bf1
Kxe4 41. Bd3+ Kf3 42. Be2+ Kg2 43. Bxg4 Kxh2 44. Ke2 Kxg3 45. Bf5 Kg2 0-1

[Event "Lliga Catalana DH"]
[Site "?"]
[Date "2018.03.03"]
[Round "7.1"]
[White "Peralta, Fernando"]
[Black "Cervello Tost, Ferran"]
[Result "1-0"]
[WhiteElo "2593"]
[BlackElo "2355"]
[PlyCount "109"]
[WhiteTeam "EEB"]
[BlackTeam "PIP"]

1. d4 d5 2. c4 e5 3. e3 exd4 4. exd4 Nf6 5. Nc3 Bb4 6. Bd3 O-O 7. Nge2 Bg4 8.
O-O Nc6 9. Bg5 Be7 10. h3 dxc4 11. Bxc4 Bxe2 12. Nxe2 Nd5 13. Be3 Bf6 14. a3
Nce7 15. Qd3 Qd6 16. Rad1 c6 17. Bc1 Rad8 18. Ng3 Qd7 19. Ne4 Ng6 20. f4 Nb6
21. Nxf6+ gxf6 22. f5 Ne7 23. Ba2 Nbd5 24. Bh6 Kh8 25. Bxf8 Rxf8 26. Rde1 Rg8
27. Qf3 Qd6 28. Bxd5 Nxd5 29. Re4 Rg5 30. Rfe1 Qg3 31. Qxg3 Rxg3 32. Rg4 Re3
33. Rxe3 Nxe3 34. Re4 Nxf5 35. Rf4 Ne3 36. Rxf6 Kg7 37. Rf2 Kg6 38. Re2 Nf5 39.
Re4 Kf6 40. Kf2 Nd6 41. Re2 a5 42. a4 Nf5 43. Re4 Nd6 44. Rf4+ Ke6 45. Ke2 b5
46. Rh4 Nf5 47. Re4+ Kf6 48. Kd3 Nd6 49. Rf4+ Kg6 50. Rg4+ Kf6 51. Rg8 bxa4 52.
Ra8 Ke6 53. Rxa5 Nb5 54. Rxa4 Kd5 55. Rc4 1-0

[Event "Lliga Catalana DH"]
[Site "Badalona ESP"]
[Date "2018.03.03"]
[Round "7.5"]
[White "Grafl, Florian"]
[Black "Martinez Lopez, Carlos"]
[Result "1-0"]
[WhiteElo "2421"]
[BlackElo "2199"]
[PlyCount "45"]
[EventDate "2017.08.02"]
[EventType "swiss"]
[EventRounds "9"]
[EventCountry "ESP"]
[WhiteTeam "EEB"]
[BlackTeam "PIP"]

1. b3 e5 2. Bb2 Nc6 3. Nf3 e4 4. Nd4 Nxd4 5. Bxd4 d5 6. e3 Nf6 7. c4 dxc4 8.
Bxc4 Bf5 9. Nc3 c6 10. f3 Bd6 11. fxe4 Ng4 12. Qf3 Qh4+ 13. g3 Nxh2 14. Qxf5
Bxg3+ 15. Kd1 O-O 16. Kc2 b5 17. Rag1 bxc4 18. Bxg7 cxb3+ 19. axb3 Kxg7 20.
Qe5+ f6 21. Rxg3+ Kh8 22. Qc7 Rg8 23. Rxh2 1-0

[Event "Lliga Catalana DH"]
[Site "Barcelona"]
[Date "2018.03.03"]
[Round "7.3"]
[White "Narciso Dublan, Marc"]
[Black "Garcia Ramos, Daniel"]
[Result "1-0"]
[WhiteElo "2535"]
[BlackElo "2336"]
[PlyCount "97"]
[EventDate "2016.03.04"]
[WhiteTeam "EEB"]
[BlackTeam "PIP"]

1. d4 Nf6 2. c4 e6 3. Nc3 Bb4 4. Qc2 O-O 5. Nf3 b6 6. e4 d5 7. e5 Ne4 8. Bd3
Bb7 9. O-O Bxc3 10. bxc3 c5 11. cxd5 exd5 12. Nd2 cxd4 13. Nxe4 dxe4 14. Bxe4
Nc6 15. Bxh7+ Kh8 16. Be4 Qd7 17. Qd1 Kg8 18. cxd4 Rad8 19. Qh5 g6 20. Qh6 Qxd4
21. Bg5 Qxe5 22. Bxd8 Nxd8 23. Bxb7 Nxb7 24. Rae1 Qf6 25. Re3 Nd6 26. Rh3 Qg7
27. Qxg7+ Kxg7 28. Rd3 Nc4 29. Rd7 a6 30. Ra7 a5 31. Rc7 Ne5 32. Rd1 Re8 33. f4
Ng4 34. h3 Nf6 35. Rd2 Re4 36. Rc6 b5 37. Rb2 Rxf4 38. Rxb5 Ra4 39. Rb2 Nd5 40.
Rf2 f5 41. Rd2 Nb4 42. Rb6 Ra3 43. Rdd6 Rg3 44. a4 Nc2 45. Kh2 f4 46. Rd7+ Kh6
47. Rf7 Ne3 48. Rb2 Kg5 49. Rxf4 1-0

[Event "Lliga Catalana DH"]
[Site "?"]
[Date "2018.03.03"]
[Round "7.7"]
[White "Feher, Adam"]
[Black "Garcia Castellote, Oscar"]
[Result "1/2-1/2"]
[WhiteElo "2361"]
[BlackElo "2204"]
[PlyCount "79"]
[WhiteTeam "EEB"]
[BlackTeam "PIP"]

1. e4 c5 2. Nf3 Nc6 3. d4 cxd4 4. Nxd4 g6 5. Nc3 Bg7 6. Be3 Nf6 7. Bc4 Qa5 8.
O-O O-O 9. Nb3 Qc7 10. Be2 d6 11. f4 b6 12. Re1 Bb7 13. Bf3 Rac8 14. Qd2 Na5
15. Nxa5 bxa5 16. Qf2 Nd7 17. Rab1 Nc5 18. Nd5 Qd8 19. Bd4 Bxd5 20. exd5 Bxd4
21. Qxd4 Re8 22. Kh1 Qb6 23. c3 Rc7 24. Re2 Nd7 25. Qd2 a4 26. Rbe1 Nf6 27. g4
a3 28. b4 Kf8 29. g5 Ng8 30. f5 Rec8 31. fxg6 hxg6 32. Bg4 Rb8 33. Rf1 Kg7 34.
Ref2 f6 35. gxf6+ Nxf6 36. Qg5 Qb5 37. Be6 Qd3 38. Rxf6 exf6 39. Qxf6+ Kh7 40.
Qh4+ 1/2-1/2

[Event "Lliga Catalana DH"]
[Site "?"]
[Date "2018.03.03"]
[Round "7.1"]
[White "Gozzoli, Yannick"]
[Black "Cruz Sanchez, Jonathan Esteban"]
[Result "1-0"]
[WhiteElo "2567"]
[BlackElo "2477"]
[PlyCount "105"]
[EventDate "2018.03.05"]
[WhiteTeam "FIG"]
[BlackTeam "TPE"]

1. d4 Nf6 2. c4 c5 3. d5 e5 4. Nc3 d6 5. e4 Be7 6. h3 Nbd7 7. Bd3 Nf8 8. Nf3
Ng6 9. g3 O-O 10. h4 Ne8 11. Be3 Rb8 12. a3 b6 13. b4 Bg4 14. Be2 Bd7 15. b5
Ra8 16. Nd2 Qc8 17. a4 Bd8 18. h5 Nh8 19. f4 Nf6 20. f5 h6 21. g4 Nh7 22. Nf3
f6 23. Nh4 Nf7 24. Ng6 Re8 25. Bd3 Qc7 26. Nb1 Bc8 27. a5 Bb7 28. Rh2 Qd7 29.
Ra3 Bc7 30. Rha2 Rad8 31. Nc3 Nf8 32. Qa1 Bb8 33. axb6 axb6 34. Ra6 Bc7 35. Na4
Rb8 36. Bd2 Bxa6 37. bxa6 Nxg6 38. hxg6 Ng5 39. Bxg5 fxg5 40. Nc3 Ra8 41. Bc2
b5 42. Nxb5 Bb6 43. Nc3 Reb8 44. Ba4 Qd8 45. Bc6 h5 46. Bxa8 Rxa8 47. a7 hxg4
48. Kf2 Kf8 49. Kg3 Ke7 50. Nb5 Kd7 51. Rh2 Ke7 52. Qa6 Bxa7 53. Qb7+ 1-0

[Event "Lliga Catalana DH"]
[Site "?"]
[Date "2018.03.03"]
[Round "7.2"]
[White "Cruz Estrada, Filemon"]
[Black "Gonzalez Rodriguez, Jorge"]
[Result "0-1"]
[WhiteElo "2384"]
[BlackElo "2381"]
[PlyCount "66"]
[EventDate "2018.03.05"]
[WhiteTeam "TPE"]
[BlackTeam "FIG"]

1. c4 c5 2. g3 Nc6 3. Bg2 g6 4. Nc3 Bg7 5. a3 e6 6. b4 d6 7. Rb1 Nge7 8. Nf3
O-O 9. O-O Rb8 10. Qc2 b6 11. d3 Bb7 12. bxc5 dxc5 13. Bb2 f5 14. e3 Qd7 15.
Rfd1 Rbc8 16. Ne2 e5 17. Nc3 Rfd8 18. Qe2 h6 19. Qf1 Qe6 20. e4 g5 21. Nd5 f4
22. h3 Rf8 23. Qe2 Ng6 24. Nh2 Nd4 25. Qh5 Rf7 26. h4 gxh4 27. g4 f3 28. Bxd4
exd4 29. Bxf3 Ne5 30. Bg2 Bxd5 31. exd5 Qf6 32. Rb2 Qf4 33. Be4 Nd7 0-1

[Event "Lliga Catalana DH"]
[Site "?"]
[Date "2018.03.03"]
[Round "7.3"]
[White "Touzane, Olivier"]
[Black "Boix Moreno, Daniel"]
[Result "1-0"]
[WhiteElo "2283"]
[BlackElo "2328"]
[PlyCount "91"]
[EventDate "2018.03.05"]
[WhiteTeam "FIG"]
[BlackTeam "TPE"]

1. d4 Nf6 2. Bf4 c5 3. d5 e6 4. c4 d6 5. Nc3 exd5 6. cxd5 g6 7. e4 a6 8. a4 Bg7
9. Bd3 O-O 10. Nf3 Bg4 11. O-O Nh5 12. Be3 Nd7 13. Be2 Qe7 14. a5 Rfe8 15. Ra4
Bxf3 16. Bxf3 b5 17. axb6 Nxb6 18. Ra2 Nf6 19. Qe2 Nfd7 20. Rfa1 Ne5 21. Rxa6
Rxa6 22. Rxa6 Nbc4 23. Bc1 Qb7 24. Ra4 Ra8 25. Qc2 Nxf3+ 26. gxf3 Ne5 27. Rxa8+
Qxa8 28. Kg2 Qa6 29. Qb3 Qd3 30. Qb8+ Bf8 31. Be3 f5 32. Qb5 c4 33. exf5 Qxf5
34. f4 Qg4+ 35. Kf1 Qh3+ 36. Ke2 Ng4 37. Qxc4 Nxh2 38. Qe4 Qg4+ 39. Kd3 Kf7 40.
b4 Nf3 41. b5 Qg2 42. Qe6+ Kg7 43. b6 Qf1+ 44. Kc2 Ne1+ 45. Kb3 Qd3 46. Qe4 1-0

[Event "Lliga Catalana DH"]
[Site "?"]
[Date "2018.03.03"]
[Round "7.4"]
[White "Gonzalez Garcia, Marc"]
[Black "Serra Pages, Jordi"]
[Result "0-1"]
[WhiteElo "2338"]
[BlackElo "2338"]
[PlyCount "58"]
[EventDate "2018.03.05"]
[WhiteTeam "TPE"]
[BlackTeam "FIG"]

1. e4 e5 2. Nf3 Nc6 3. Bc4 Nf6 4. d3 Bc5 5. O-O d6 6. c3 a6 7. a4 Ba7 8. Be3
O-O 9. Bxa7 Rxa7 10. Nbd2 Nh5 11. Nxe5 Nxe5 12. f4 Nxc4 13. Nxc4 Nf6 14. Ne3
Qd7 15. Qf3 b6 16. Qg3 Qc6 17. Rf3 Ra8 18. Qg5 h6 19. Qh4 Qc5 20. f5 Qe5 21.
Nc4 Qe8 22. Raf1 Bb7 23. Rg3 Kh8 24. Rff3 d5 25. Rxg7 Kxg7 26. Rg3+ Kh7 27.
Qxf6 Rg8 28. Rh3 Qf8 29. Ne5 Qg7 0-1

[Event "Lliga Catalana DH"]
[Site "?"]
[Date "2018.03.03"]
[Round "7.5"]
[White "Vives Esmerat, Jaume"]
[Black "Martinez Pla, Xavier"]
[Result "0-1"]
[WhiteElo "2366"]
[BlackElo "2320"]
[PlyCount "90"]
[EventDate "2018.03.05"]
[WhiteTeam "FIG"]
[BlackTeam "TPE"]

1. e4 c5 2. b3 g6 3. Bb2 Nf6 4. f4 Bg7 5. Nf3 O-O 6. d3 Nc6 7. c4 d6 8. Be2 a6
9. O-O b5 10. Qc1 Qb6 11. Nc3 Nd4 12. Bd1 Bb7 13. Ne2 Nd7 14. Ng3 bxc4 15. dxc4
a5 16. Rb1 Rab8 17. a4 Bc6 18. Ne2 h5 19. Kh1 h4 20. Nd2 h3 21. gxh3 f5 22.
Bxd4 cxd4 23. Ng3 Nc5 24. Bf3 Nd3 25. Qd1 Nxf4 26. exf5 gxf5 27. Bxc6 Qxc6+ 28.
Qf3 Qxf3+ 29. Nxf3 Nxh3 30. Nh5 e5 31. Kg2 Nf4+ 32. Nxf4 exf4 33. Rfd1 d5 34.
cxd5 Rb4 35. Ne1 Rb6 36. Nd3 Rd8 37. Kf3 Rxd5 38. Rg1 Kf7 39. Rgc1 Rb7 40. b4
axb4 41. Nxb4 Ra5 42. Nd3 Re7 43. Re1 Re3+ 44. Rxe3 fxe3 45. Rb4 Ke6 0-1

[Event "Lliga Catalana DH"]
[Site "?"]
[Date "2018.03.03"]
[Round "7.6"]
[White "Gallart Zafra, Jaume"]
[Black "Ibañez Tarradellas, Eduard"]
[Result "1-0"]
[WhiteElo "2298"]
[BlackElo "2319"]
[PlyCount "103"]
[EventDate "2018.03.05"]
[WhiteTeam "TPE"]
[BlackTeam "FIG"]

1. e4 d5 2. exd5 Qxd5 3. Nc3 Qa5 4. g3 Nf6 5. Bg2 g6 6. Nge2 Bg7 7. O-O O-O 8.
a3 Nc6 9. d3 Rd8 10. Be3 Qh5 11. f3 e5 12. Kh1 g5 13. Qd2 h6 14. f4 Ng4 15. Bg1
f5 16. Nd5 Qf7 17. c4 gxf4 18. gxf4 Nd4 19. Nxd4 exd4 20. Rae1 c6 21. Qa5 Bd7
22. Qc7 Re8 23. Qxb7 Rab8 24. Qxa7 Rxb2 25. Nb6 Rxg2 26. Kxg2 Qg6 27. Kh1 Be6
28. Qc7 Bf7 29. a4 Ne3 30. Bxe3 Rxe3 31. a5 Qe6 32. Qc8+ Qxc8 33. Nxc8 Rxd3 34.
a6 Bxc4 35. Ne7+ Kf7 36. a7 Ra3 37. Ra1 Ba2 38. Nxc6 Bd5+ 39. Kg1 Rxa1 40. Rxa1
Bxc6 41. a8=Q Bxa8 42. Rxa8 Bf6 43. Kf2 h5 44. Ke2 h4 45. Kd3 Ke6 46. Ra6+ Kf7
47. Kc4 Bg7 48. Ra7+ Kg6 49. h3 Bh6 50. Ra6+ Kg7 51. Rxh6 Kxh6 52. Kxd4 1-0

[Event "Lliga Catalana DH"]
[Site "?"]
[Date "2018.03.03"]
[Round "7.7"]
[White "Baños, Oscar Francisco"]
[Black "Leiro Giralt, Daniel"]
[Result "1-0"]
[WhiteElo "2307"]
[BlackElo "2285"]
[PlyCount "59"]
[EventDate "2018.03.05"]
[WhiteTeam "FIG"]
[BlackTeam "TPE"]

1. c4 e6 2. Nf3 d5 3. b3 Nf6 4. g3 Be7 5. Bg2 O-O 6. O-O b6 7. Bb2 Bb7 8. e3 c5
9. Nc3 dxc4 10. bxc4 Nc6 11. Qe2 Rc8 12. Rad1 Qc7 13. d3 Rfd8 14. Ne1 Rd7 15.
f4 Rcd8 16. g4 Na5 17. f5 Ne8 18. Nf3 Nc6 19. Ne4 Nd6 20. Ng3 Bf8 21. h4 Nxf5
22. Nxf5 exf5 23. h5 Bd6 24. Nh4 Ne7 25. Ba1 Bxg2 26. Qxg2 Nc6 27. Nxf5 Bf8 28.
h6 g6 29. Qb2 Nd4 30. exd4 1-0

[Event "Lliga Catalana DH"]
[Site "?"]
[Date "2018.03.03"]
[Round "7.8"]
[White "Moll, Arne"]
[Black "Pinsach Gelabert, Alex"]
[Result "0-1"]
[WhiteElo "2221"]
[BlackElo "2294"]
[PlyCount "100"]
[EventDate "2018.03.05"]
[WhiteTeam "TPE"]
[BlackTeam "FIG"]

1. e4 e5 2. Nf3 Nc6 3. Bc4 Nf6 4. d4 exd4 5. O-O Nxe4 6. Re1 d5 7. Bxd5 Qxd5 8.
Nc3 Qh5 9. Nxe4 Be6 10. Bg5 Bb4 11. c3 dxc3 12. bxc3 Ba5 13. Qa4 O-O 14. Rab1
Bb6 15. c4 Bg4 16. c5 Bxf3 17. gxf3 Ne5 18. cxb6 Nxf3+ 19. Kf1 axb6 20. Qc4
Qxg5 21. Nxg5 Nd2+ 22. Kg2 Nxc4 23. Re7 c5 24. Rxb7 Rxa2 25. Re1 h6 26. Nf3 Rb2
27. Ne5 Nxe5 28. Rxe5 c4 29. Rc5 Rxf2+ 30. Kxf2 bxc5 31. Rc7 Ra8 32. Rxc5 Ra2+
33. Kg3 Rc2 34. h4 g6 35. h5 gxh5 36. Rxh5 Kg7 37. Rc5 Kg6 38. Kf4 c3 39. Rc6+
f6 40. Rc7 Rc1 41. Kg3 Kf5 42. Kf3 h5 43. Rc5+ Kg6 44. Rc8 h4 45. Kg2 Kf5 46.
Rc4 Kg5 47. Rc8 Kf4 48. Kf2 Rc2+ 49. Kg1 f5 50. Rh8 Rd2 0-1

[Event "Lliga Catalana DH"]
[Site "?"]
[Date "2018.03.03"]
[Round "7.9"]
[White "Colls Gelaberto, Emili"]
[Black "Prat Llabres, Joan"]
[Result "1-0"]
[WhiteElo "2271"]
[BlackElo "2259"]
[PlyCount "113"]
[EventDate "2018.03.05"]
[WhiteTeam "FIG"]
[BlackTeam "TPE"]

1. Nf3 Nf6 2. c4 g6 3. Nc3 Bg7 4. e4 d6 5. d4 O-O 6. h3 e5 7. dxe5 dxe5 8. Qxd8
Rxd8 9. Nd5 Na6 10. Bg5 Rd6 11. Bxf6 Bxf6 12. Nxf6+ Rxf6 13. Rd1 b6 14. Rd8+
Kg7 15. Nxe5 Re6 16. Ng4 Bb7 17. Rxa8 Bxa8 18. Bd3 Nb4 19. Bb1 Bxe4 20. O-O Bd3
21. Bxd3 Nxd3 22. b3 a5 23. Ne3 c6 24. Rd1 Nc5 25. Rd8 Kf6 26. Rb8 Nd7 27. Rb7
Rd6 28. c5 Nxc5 29. Rxb6 Ne4 30. Nc4 Rd1+ 31. Kh2 Nd2 32. Rxc6+ Kg7 33. Kg3
Ne4+ 34. Kf3 Nc3 35. Nb2 Rd2 36. Rxc3 Rxb2 37. a3 h5 38. h4 Kh6 39. Ke3 f6 40.
g3 g5 41. f3 Kg6 42. hxg5 Kxg5 43. Kd4 f5 44. Kc5 f4 45. gxf4+ Kxf4 46. Kb5 h4
47. Kxa5 h3 48. b4 Rb1 49. Rc4+ Kg3 50. Rg4+ Kxf3 51. Rh4 Kg3 52. Rh8 Re1 53.
b5 Re5 54. a4 Re4 55. b6 h2 56. Rxh2 Kxh2 57. b7 1-0

[Event "Lliga Catalana DH"]
[Site "?"]
[Date "2018.03.03"]
[Round "7.10"]
[White "Moreno Oller, Victor"]
[Black "Parals Marce, Lluis"]
[Result "1/2-1/2"]
[WhiteElo "1948"]
[BlackElo "2213"]
[PlyCount "103"]
[EventDate "2018.03.05"]
[WhiteTeam "TPE"]
[BlackTeam "FIG"]

1. d4 g6 2. c4 Bg7 3. Nf3 d6 4. Nc3 Nd7 5. g3 Ngf6 6. Bg2 O-O 7. O-O e5 8. e4
a5 9. h3 exd4 10. Nxd4 Nc5 11. b3 Re8 12. Re1 Ne6 13. Nxe6 fxe6 14. e5 Nd7 15.
Ne4 h6 16. Bb2 Nxe5 17. Bxe5 Bxe5 18. Rc1 Bg7 19. Qg4 Kh7 20. Qe2 a4 21. b4 Qe7
22. h4 e5 23. h5 gxh5 24. Qxh5 Rf8 25. Nc3 Qg5 26. Qxg5 hxg5 27. Nb5 Rf7 28.
Be4+ Kh8 29. Kg2 Bf8 30. Rh1+ Kg7 31. Rh7+ Kf6 32. Rxf7+ Kxf7 33. Nxc7 Rb8 34.
Rh1 Bd7 35. Rh7+ Bg7 36. Bd5+ Kg6 37. Be4+ Kf7 38. Nd5 Bc6 39. Rh5 Bxd5 40.
Bxd5+ Kg6 41. Rh1 b5 42. Rc1 Kf6 43. g4 Rc8 44. a3 bxc4 45. Rxc4 Rxc4 46. Bxc4
e4 47. Bb5 Ke6 48. Bxa4 Bb2 49. Bb3+ Ke5 50. a4 Bc3 51. b5 Ba5 52. f3 1/2-1/2

[Event "Lliga Catalana DH"]
[Site "Taula 5"]
[Date "2018.03.03"]
[Round "7.5"]
[White "Martinez Lopez, Ivan"]
[Black "Estrella Vidiella, Jordi"]
[Result "1/2-1/2"]
[WhiteElo "2317"]
[BlackElo "2348"]
[PlyCount "23"]
[EventDate "2018.??.??"]
[WhiteTeam "LLE"]
[BlackTeam "FOM"]

1. Nf3 Nf6 2. g3 c5 3. c4 d5 4. cxd5 Nxd5 5. Bg2 Nc6 6. O-O e5 7. Nc3 Nc7 8. d3
Be7 9. Ne1 Bd7 10. Nc2 O-O 11. Ne3 Rb8 12. Ncd5 1/2-1/2

[Event "Lliga Catalana DH"]
[Site "Taula 1"]
[Date "2018.03.03"]
[Round "7.1"]
[White "Alvarez Pedraza, Aramis"]
[Black "Jerez Perez, Alfonso"]
[Result "0-1"]
[WhiteElo "2521"]
[BlackElo "2456"]
[PlyCount "88"]
[EventDate "2018.??.??"]
[WhiteTeam "LLE"]
[BlackTeam "FOM"]

1. c4 Nf6 2. Nc3 d5 3. cxd5 Nxd5 4. g3 g6 5. Bg2 Nb6 6. d3 Bg7 7. Be3 Nc6 8.
Bxc6+ bxc6 9. Qd2 h5 10. Nf3 Bh3 11. Ng5 Bg2 12. Rg1 Bd5 13. h4 f6 14. Nge4 f5
15. Ng5 e5 16. f3 Qf6 17. Bc5 O-O-O 18. a4 Kb8 19. a5 Nd7 20. Bf2 Bf8 21. b4
Bg8 22. Rb1 Ka8 23. Qe3 c5 24. b5 e4 25. dxe4 Ne5 26. Nd5 Bxd5 27. exd5 Rxd5
28. f4 Ng4 29. Qf3 c6 30. bxc6 Qxc6 31. Nf7 c4 32. Qc3 Rh7 33. Qb2 Qc7 34. Ng5
(34. Ne5) 34... Re7 35. Bd4 Re8 36. a6 Qa5+ 37. Bc3 Qxa6 38. Ne6 Rd7 39. Nxf8
Rxf8 40. e4 Qc6 41. Qg2 Rd3 42. Rc1 Re3+ 43. Kf1 Rd8 44. Qc2 Qc5 0-1

[Event "Lliga Catalana DH"]
[Site "Taula 2"]
[Date "2018.03.03"]
[Round "7.2"]
[White "Granados Gomez, Manuel"]
[Black "Barbero Sendic, Alejandro"]
[Result "1/2-1/2"]
[WhiteElo "2446"]
[BlackElo "2430"]
[PlyCount "90"]
[EventDate "2018.??.??"]
[WhiteTeam "FOM"]
[BlackTeam "LLE"]

1. c4 e6 2. Nf3 d5 3. e3 Nf6 4. b3 c5 5. Be2 d4 6. d3 Nc6 7. O-O Be7 8. e4 h6
9. Ne1 g5 10. g3 e5 11. Ng2 Bh3 12. Kh1 Qd7 13. Nd2 O-O-O 14. Nf3 Nh7 15. Ng1
Be6 16. f4 Qd6 17. f5 Bd7 18. Bh5 Be8 19. a3 Nf6 20. Bd2 Nb8 21. b4 Nbd7 22.
bxc5 Nxc5 23. Bb4 Qc7 24. Bxc5 Bxc5 25. Ne1 Bc6 26. h3 Rdf8 27. Nc2 Ba4 28. Be2
Rd8 29. Qd2 a5 30. Nb4 Kb8 31. Rfb1 Ka8 32. Nf3 Rhe8 33. Nh2 Ba7 34. Ra2 Rd6
35. Nd5 Nxd5 36. exd5 e4 37. dxe4 Rxe4 38. Rab2 Rb6 39. Bf3 Re3 40. Qxa5 Rxb2
41. Qxc7 Rxb1+ 42. Kg2 Rb2+ 43. Kg1 Rb1+ 44. Kg2 Rb2+ 45. Kg1 Rb1+ 1/2-1/2

[Event "Lliga Catalana DH"]
[Site "Taula 3"]
[Date "2018.03.03"]
[Round "7.3"]
[White "Trepat Herranz, Joan"]
[Black "Mestre Bellido, Hector"]
[Result "1/2-1/2"]
[WhiteElo "2431"]
[BlackElo "2353"]
[PlyCount "115"]
[EventDate "2018.??.??"]
[WhiteTeam "LLE"]
[BlackTeam "FOM"]

1. e4 e5 2. Nf3 d6 3. d4 Nf6 4. dxe5 Nxe4 5. Qd5 Nc5 6. Bg5 Be7 7. exd6 Qxd6 8.
Nc3 Qxd5 9. Nxd5 Bd6 10. O-O-O Bg4 11. Be2 Ne6 12. Rhe1 Nc6 13. Be3 O-O-O 14.
h3 Bh5 15. Ng5 Bxe2 16. Rxe2 Nxg5 17. Bxg5 Rde8 18. Rde1 Rxe2 19. Rxe2 f6 20.
Bf4 Ne5 21. Bg3 Re8 22. Nc3 Kd7 23. Ne4 Bf8 24. f3 f5 25. Nc3 Bd6 26. Bf2 a6
27. Bd4 c5 28. Bf2 b5 29. f4 Nc4 30. g3 Rxe2 31. Nxe2 h5 32. b3 Nb6 33. Kd2 Kc6
34. Kd3 Nd5 35. Be1 g6 36. a3 Nf6 37. c4 Ne4 38. h4 b4 39. a4 Be7 40. Kc2 Bf6
41. Kd3 Kb6 42. Kc2 Ka5 43. Kd3 Nd6 44. Bf2 Kb6 45. Kc2 Bc3 46. Nxc3 bxc3 47.
b4 Kc6 48. Bxc5 Nxc4 49. Kxc3 Kd5 50. Ba7 Nd6 51. Kd3 Ne4 52. b5 axb5 53. axb5
Nxg3 54. Be3 Ne4 55. b6 Nd6 56. Bf2 Nb7 57. Bg1 Nd6 58. Bf2 1/2-1/2

[Event "Lliga Catalana DH"]
[Site "Taula 4"]
[Date "2018.03.03"]
[Round "7.4"]
[White "Arias Boo, Guillermo"]
[Black "Adel Lahchaichi, Oussama"]
[Result "1/2-1/2"]
[WhiteElo "2359"]
[BlackElo "2378"]
[PlyCount "68"]
[EventDate "2018.??.??"]
[WhiteTeam "FOM"]
[BlackTeam "LLE"]

1. d4 d5 2. c4 c6 3. cxd5 cxd5 4. Nc3 Nc6 5. Bf4 Nf6 6. e3 a6 7. Bd3 Bg4 8.
Nge2 e6 9. O-O Bd6 10. f3 Bh5 11. Rc1 Bg6 12. Na4 e5 13. dxe5 Nxe5 14. Bxg6
hxg6 15. Qd4 Nc6 16. Qb6 Qxb6 17. Nxb6 Rd8 18. Rfd1 g5 19. Bxd6 Rxd6 20. e4 d4
21. Nc4 Rd7 22. e5 Nh5 23. Nd6+ Ke7 24. Nxd4 Nxe5 25. Ne4 g6 26. Nc5 Rc7 27.
Re1 f6 28. Ne4 Rxc1 29. Rxc1 Rd8 30. Rc7+ Rd7 31. Rxd7+ Nxd7 32. g3 Ng7 33. Kf2
Ne5 34. Nc5 Kd6 1/2-1/2